| 000 | 00524nam a2200181 a 4500 | ||
|---|---|---|---|
| 001 | 000030809 | ||
| 005 | 20200930062525.0 | ||
| 008 | 110530s1981 xxuac 000 0 spa d | ||
| 020 | _a0816399816 | ||
| 040 |
_aDO-SdBNP _bspa _cBNPHU |
||
| 082 |
_axxxx _bxxx |
||
| 100 | 1 |
_aKnight, Juan F. _957360 |
|
| 245 | 1 | 3 |
_aLa pareja moderna y el sexo / _cJuan F. Knight. |
| 260 |
_aEstados Unidos : _bPublicaciones Interamericana, _c1981. |
||
| 300 |
_a192 : _bils., retrs. |
||
| 500 | _aTraducido del idioma inglés | ||
| 049 | _aBNPD | ||
| 999 |
_c30301 _d30301 |
||